A carregar...
Post-Marxist alternatives :the construction of social orders /
| Autor principal: | |
|---|---|
| Formato: | Printed Book |
| Publicado em: |
Houndmills, Basingstoke, Hampshire :
Macmillan,
1990.
|
| Assuntos: |
| LEADER | 00529cam a2200145 a 4500 | ||
|---|---|---|---|
| 020 | |a 0333578155 | ||
| 082 | 0 | 4 | |a 320.531 5 |b MOU/P |
| 100 | 1 | |a Mouzelis, Nicos P. | |
| 245 | 1 | 0 | |a Post-Marxist alternatives :the construction of social orders / |
| 260 | |a Houndmills, Basingstoke, Hampshire : |b Macmillan, |c 1990. | ||
| 300 | |a ix, 210 p. ; | ||
| 650 | 0 | |a Social systems. | |
| 942 | |c BK | ||
| 999 | |c 98871 |d 98871 | ||
| 952 | |0 0 |1 0 |4 0 |6 320_531000000000000_5_MOU_P |7 0 |9 92076 |a SSS |b SSS |c GEN |d 2012-01-06 |l 0 |o 320.531 5 MOU/P |p SSS01304 |r 2012-01-06 |w 2012-01-06 |y BK | ||